Statistics for Largest cities in Uganda

Click here to take the quiz!

General Stats

  • This quiz has been taken 53 times
  • The average score is 3 of 5

Answer Stats

City % Correct
Kampala
95%
Gulu
55%
Jinja
40%
Mbarara
35%
Lira
25%

Score Distribution

Percentile by Number Answered

Percent of People with Each Score

Your Score History

You have not taken this quiz